000 00424nam a2200181Ia 4500
001 4292
005 20260306145745.0
008 260306t2023||||xx |||||||||||||| ||spa||
041 _aESP
082 _a320.5
_bA94
100 _aAyllón, José Ramón,
_eAUT
245 0 _aEl mundo de las ideologías
260 _c2023
300 _a139 páginas :
_c21 cm.
650 _aGEN
654 _aCDE
942 _cLIB
_dJUS
_fJUS
_2ddc
_n
999 _c4292
_d4292